Đặc điểm thủy lý hóa môi trường nước trong và ngoài đê bao khép kín huyện Phú Tân, tỉnh An Giang (Luận văn thạc sĩ. Chuyên ngành Khoa học môi trường)

Đề tài được thực hiện nhằm góp phần tìm hiểu, cung cấp dữ liệu về ảnh hưởng của các yếu tố thủy lý hóa lên sự phát triển của nguồn nước mặt trong vùng đê bao kiểm soát lũ ở huyện Phú Tân, tỉnh An Giang phục vụ cho mục đích sản xu...

Volledige beschrijving

Bewaard in:
Bibliografische gegevens
Hoofdauteur: Nguyễn, Thị Mỹ Trinh
Formaat: Boek
Taal:Undetermined
Gepubliceerd in: Cần Thơ Trường Đại học Cần Thơ 2014
Onderwerpen:
Tags: Voeg label toe
Geen labels, Wees de eerste die dit record labelt!
Thư viện lưu trữ: Trung tâm Học liệu Trường Đại học Cần Thơ
LEADER 01327nam a2200217Ia 4500
001 CTU_197700
008 210402s9999 xx 000 0 und d
082 |a 363.7 
082 |b Tr312 
088 |a 60440301 
100 |a Nguyễn, Thị Mỹ Trinh 
245 0 |a Đặc điểm thủy lý hóa môi trường nước trong và ngoài đê bao khép kín huyện Phú Tân, tỉnh An Giang 
245 0 |b (Luận văn thạc sĩ. Chuyên ngành Khoa học môi trường) 
245 0 |c Nguyễn Thị Mỹ Trinh ; PHạm Văn Toàn (Giáo viên hướng dẫn) 
260 |a Cần Thơ 
260 |b Trường Đại học Cần Thơ 
260 |c 2014 
520 |a Đề tài được thực hiện nhằm góp phần tìm hiểu, cung cấp dữ liệu về ảnh hưởng của các yếu tố thủy lý hóa lên sự phát triển của nguồn nước mặt trong vùng đê bao kiểm soát lũ ở huyện Phú Tân, tỉnh An Giang phục vụ cho mục đích sản xuất và sinh hoạt của người dân 
650 |a Environmental protection,Bảo vệ môi trường,Environmental management 
910 |a Nguyên 
980 |a Trung tâm Học liệu Trường Đại học Cần Thơ